John Everett Clough: (Record no. 5370)

MARC details
000 -LEADER
fixed length control field 00487nam a22001697a 4500
003 - CONTROL NUMBER IDENTIFIER
control field GBCCL
005 - DATE AND TIME OF LATEST TRANSACTION
control field 20241126110540.0
008 - FIXED-LENGTH DATA ELEMENTS--GENERAL INFORMATION
fixed length control field 180315b ||||| |||| 00| 0 eng d
040 ## - CATALOGING SOURCE
Transcribing agency gbc
082 ## - DEWEY DECIMAL CLASSIFICATION NUMBER
Classification number 269.2092
Item number CLO
100 ## - MAIN ENTRY--PERSONAL NAME
Personal name Jayaraj, K. Franklynn
9 (RLIN) 9667
245 ## - TITLE STATEMENT
Title John Everett Clough:
Remainder of title Moses of 19th Century /
Statement of responsibility, etc. K. Franklynn Jayaraj
260 ## - PUBLICATION, DISTRIBUTION, ETC.
Place of publication, distribution, etc. Udupi:
Name of publisher, distributor, etc. Mysoul Trust (R.),
Date of publication, distribution, etc. 2006
300 ## - PHYSICAL DESCRIPTION
Extent 66 p.;
Other physical details ill.,
Dimensions 21 cm.
650 ## - SUBJECT ADDED ENTRY--TOPICAL TERM
Topical term or geographic name entry element Christian Biography
9 (RLIN) 1119
942 ## - ADDED ENTRY ELEMENTS (KOHA)
Source of classification or shelving scheme Dewey Decimal Classification
Koha item type Books
Koha issues (borrowed), all copies 1
Holdings
Withdrawn status Lost status Source of classification or shelving scheme Damaged status Not for loan Home library Current Library Shelving location Date acquired Total checkouts Full call number Barcode Date last seen Date last checked out Copy number Price effective from Koha item type
    Dewey Decimal Classification     GRACE BIBLE COLLEGE GRACE BIBLE COLLEGE Ministry & Mission 2018-03-15 1 269.2092 CLO 006959 2025-05-01 2020-02-21 c.1 2018-03-15 Books
© Grace Bible College Library 2025